Top 100 Most Monthly Listeners on Spotify (2017) - Statistics

General Stats
  • This quiz has been taken 1,326 times
  • The average score is 28 of 100
Answer Stats
# Artist Monthly Listeners % Correct
19 Drake 27.6 Million
83%
1 Ed Sheeran 43.9 Million
77%
5 Taylor Swift 32.3 Million
76%
13 Justin Bieber 29.6 Million
74%
51 Ariana Grande 19.5 Million
70%
56 Beyoncé 19.2 Million
65%
24 Rihanna 25.4 Million
65%
43 Eminem 21.5 Million
61%
40 Kanye West 21.9 Million
58%
57 Katy Perry 19.1 Million
57%
29 The Weeknd 24.2 Million
56%
34 Bruno Mars 22.8 Million
54%
41 Nicki Minaj 21.8 Million
53%
3 Post Malone 35.4 Million
52%
32 Selena Gomez 22.9 Million
51%
69 Adele 16.8 Million
48%
30 Kendrick Lamar 23.2 Million
48%
92 Cardi B 14.6 Million
47%
8 Dua Lipa 31.5 Million
45%
99 Lady Gaga 13.4 Million
45%
35 Shawn Mendes 22.7 Million
45%
2 Maroon 5 36.6 Million
44%
18 Coldplay 28.4 Million
43%
77 Michael Jackson 16.1 Million
42%
88 Queen 14.9 Million
42%
66 Miley Cyrus 17.4 Million
40%
59 Travis Scott 18.9 Million
40%
21 Chainsmokers 26.5 Million
39%
6 Imagine Dragons 31.7 Million
37%
12 Calvin Harris 29.6 Million
36%
15 Sam Smith 29.4 Million
36%
7 Sia 31.6 Million
34%
79 Justin Timberlake 16.0 Million
33%
28 Luis Fonsi 24.2 Million
32%
44 Shakira 21.2 Million
32%
17 ZAYN 28.5 Million
32%
22 David Guetta 26.0 Million
31%
63 Lil Wayne 17.8 Million
31%
25 P!nk 25.3 Million
30%
67 XXXTentacion 17.0 Million
30%
23 Avicii 25.8 Million
29%
14 Charlie Puth 29.6 Million
29%
84 Halsey 15.4 Million
29%
16 Khalid 28.8 Million
28%
9 Camila Cabello 31.0 Million
27%
27 Demi Lovato 24.4 Million
27%
45 Lil Uzi Vert 20.8 Million
26%
76 Migos 16.3 Million
26%
31 DJ Khaled 22.9 Million
25%
52 Future 19.5 Million
25%
89 Pitbull 14.8 Million
25%
39 Chris Brown 22.3 Million
24%
98 5th Harmony 13.5 Million
23%
11 Daddy Yankee 29.7 Million
23%
4 J. Balvin 35.1 Million
23%
37 Marshmello 22.6 Million
23%
64 Wiz Khalifa 17.5 Million
23%
72 Little Mix 16.5 Million
22%
46 DJ Snake 20.4 Million
21%
86 21 Savage 15.1 Million
19%
93 Ellie Goulding 14.5 Million
19%
38 Jason Derulo 22.4 Million
19%
58 One Republic 19.0 Million
19%
48 Macklemore 20.3 Million
18%
54 Niall Horan 19.3 Million
18%
50 Bebe Rexha 19.6 Million
17%
20 Kygo 27.5 Million
17%
65 Liam Payne 17.4 Million
17%
68 Lorde 16.9 Million
17%
26 Major Lazer 24.8 Million
17%
97 Nicky Jam 13.5 Million
17%
10 Willy William 29.8 Million
17%
70 Clean Bandit 16.8 Million
15%
96 Zedd 13.6 Million
15%
82 Alessia Cara 15.7 Million
14%
33 French Montana 22.8 Million
14%
94 James Arthur 13.8 Million
14%
71 Linkin Park 16.7 Million
13%
36 Logic 22.6 Million
13%
95 G-Eazy 13.8 Million
12%
83 Gucci Mane 15.6 Million
11%
85 Louis Tomlinson 15.2 Million
10%
91 Big Sean 14.6 Million
9%
73 Ozuna 16.4 Million
9%
53 Jonas Blue 19.4 Million
8%
100 Maluma 13.3 Million
8%
42 Ty Dolla $ign 21.5 Million
8%
87 Julia Michaels 15.0 Million
7%
49 Hailee Steinfeld 19.7 Million
6%
90 Red Hot Chili Peppers 14.7 Million
6%
47 Lauv 20.3 Million
5%
75 Portugal. The Man 16.3 Million
5%
62 Alesso 18.0 Million
4%
60 Cheat Codes 18.3 Million
4%
81 Robin Schulz 16.0 Million
4%
80 Axwell Λ Ingrosso 16.0 Million
3%
78 CNCO 16.1 Million
3%
55 Martin Garix 19.3 Million
3%
61 BloodPop® 18.1 Million
1%
74 Skillrex 16.3 Million
1%
No matching quizzes found
Score Distribution
Percent of People with Each Score
Percentile by Number Answered
Your Score History
You have not taken this quiz